000 00678nam a2200193 a 4500
005 20140412111235.0
008 010116s19uu xx 00 eng d
020 _a0-385-41115-4
050 _aTR(GS 372.19
_bW42.1 1991
245 _aWhat your first grader needs to know :
_bfundamentals of a good first-grade education /
_cedited by E. D. Hirsch, Jr.
250 _a1st ed.
260 _aNew York :
_bDoubleday,
_c1991.
300 _a245 p.
440 _aThe Core-Knowledge Series, book 1
500 _aIncludes bibliographical references and index.
650 _aFirst Grade (Education) - United States
650 _aCurriculum planning - United States
999 _c102381
_d102381